|
|
|
|
| LEADER |
00000nam a22000004a 4500 |
| 001 |
AR-BbUGT3706 |
| 003 |
AR-BbUGT |
| 005 |
20260213114006.0 |
| 007 |
ta |
| 008 |
061101t1994 ||| |0|||0| d |
| 020 |
|
|
|a 84-7432-526-9
|
| 040 |
|
|
|a AR-BbUGT
|b spa
|c AR-BbUGT
|
| 082 |
0 |
4 |
|a 304
|
| 100 |
1 |
|
|a Leff, Enrique.
|
| 245 |
1 |
0 |
|a Ciencias sociales y formación ambiental /
|c Enrique Leff ... [et al.].
|
| 260 |
|
|
|a Barcelona :
|b GEDISA,
|c 1994.
|
| 300 |
|
|
|a 321 p. ;
|c 22 cm.
|
| 500 |
|
|
|a Bibligrafía: al final de cada capítulo.
|
| 653 |
|
|
|a Ciencias Sociales
|
| 653 |
|
|
|a Formación Ambiental
|
| 653 |
|
|
|a Sociología
|
| 653 |
|
|
|a Ambiente
|
| 653 |
|
|
|a Economia
|
| 653 |
|
|
|a Recursos Naturales
|
| 653 |
|
|
|a Educación
|
| 653 |
|
|
|a Antropología Ambiental
|
| 653 |
|
|
|a Asentamiento Urbano
|
| 653 |
|
|
|a Derecho Ambiental
|
| 700 |
1 |
|
|a García, Rolando.
|
| 700 |
1 |
|
|a Gutman, Pablo.
|
| 700 |
1 |
|
|a Toledo, Víctor.
|
| 700 |
1 |
|
|a Vessuri, Hebe.
|
| 700 |
1 |
|
|a Fernández, Roberto.
|
| 700 |
1 |
|
|a Brañes, Raúl.
|
| 942 |
|
|
|c BK
|h 304
|i L521
|2 ddc
|6 304_000000000000000_L521
|
| 999 |
|
|
|c 11056
|d 11056
|